Southville International School and Colleges
Your cart is empty.
  • Cart
  • Lists
    Public lists Eva Luna New books Lux_list list_1
    Your lists Log in to create your own lists
  • Log in to your account
  • Your cookies
  • Search history
Southville International School and Colleges
  • Advanced search
  • Recent comments
  • Most popular
  • Libraries

Log in to your account

Log in with GOOGLE


If you do not have an external account, but do have a local account, you can still log in:

  1. Home
  2. MARC view: A portrait of English racism /
Normal view MARC view ISBD view

A portrait of English racism / (Record no. 8866)

[ view plain ]
MARC details
000 -LEADER
fixed length control field 00831cam a2200289 i 4500
001 - CONTROL NUMBER
control field 2219970
003 - CONTROL NUMBER IDENTIFIER
control field OSt
005 - DATE AND TIME OF LATEST TRANSACTION
control field 20140310182045.0
008 - FIXED-LENGTH DATA ELEMENTS--GENERAL INFORMATION
fixed length control field 750303s1973 enk b 000 0 eng
010 ## - LIBRARY OF CONGRESS CONTROL NUMBER
LC control number 75304991
015 ## - NATIONAL BIBLIOGRAPHY NUMBER
National bibliography number GB74-28061
020 ## - INTERNATIONAL STANDARD BOOK NUMBER
International Standard Book Number 0140216073 :
Terms of availability £0.50
040 ## - CATALOGING SOURCE
Original cataloging agency DLC
Transcribing agency DLC
Modifying agency DLC
043 ## - GEOGRAPHIC AREA CODE
Geographic area code e-uk-en
050 00 - LIBRARY OF CONGRESS CALL NUMBER
Classification number DA 125.A1
Item number .D889 1973
082 00 - DEWEY DECIMAL CLASSIFICATION NUMBER
Classification number HS 305.8
Item number D89 1973
100 1# - MAIN ENTRY--PERSONAL NAME
Personal name Dummett, Ann
Dates associated with a name 1930-
9 (RLIN) 11554
245 12 - TITLE STATEMENT
Title A portrait of English racism /
Statement of responsibility, etc Ann Dummett.
260 ## - PUBLICATION, DISTRIBUTION, ETC. (IMPRINT)
Place of publication, distribution, etc Harmondsworth :
Name of publisher, distributor, etc Penguin,
Date of publication, distribution, etc c1973.
300 ## - PHYSICAL DESCRIPTION
Extent 300 p. :
Dimensions 19 cm.
650 #0 - SUBJECT ADDED ENTRY--TOPICAL TERM
Topical term or geographic name as entry element Minorities
Geographic subdivision England.
9 (RLIN) 11555
650 #0 - SUBJECT ADDED ENTRY--TOPICAL TERM
Topical term or geographic name as entry element National characteristics, English.
9 (RLIN) 11556
651 #0 - SUBJECT ADDED ENTRY--GEOGRAPHIC NAME
Geographic name England
General subdivision Race relations.
9 (RLIN) 11557
906 ## - LOCAL DATA ELEMENT F, LDF (RLIN)
a 7
b cbc
c orignew
d 3
e ncip
f 19
g y-gencatlg
942 ## - ADDED ENTRY ELEMENTS (KOHA)
Source of classification or shelving scheme Library of Congress Classification
Koha item type
Holdings
Withdrawn status Lost status Source of classification or shelving scheme Damaged status Home library Current library Shelving location Date acquired Total Checkouts Full call number Barcode Date last seen Copy number Price effective from Koha item type
    Library of Congress Classification   Luxembourg Library Luxembourg Library High School Section 08/17/2013   DA 125 .D889 1973 0459 06/20/2017 1 08/17/2013 Books

A portrait of English racism /

APA

Dummett A., . (1973). A portrait of English racism. Harmondsworth: Penguin.

Chicago

Dummett Ann, . 1973. A portrait of English racism. Harmondsworth: Penguin.

Harvard

Dummett A., . (1973). A portrait of English racism. Harmondsworth: Penguin.

MLA

Dummett Ann, . A portrait of English racism. Harmondsworth: Penguin. 1973.

  • Place hold
  • Print
  • Cite
  • Add to your cart (remove)
  • Save record
    BIBTEX Dublin Core MARCXML MARC (non-Unicode/MARC-8) MARC (Unicode/UTF-8) MARC (Unicode/UTF-8, Standard) MODS (XML) RIS
  • More searches
    Search for this title in:
    Other Libraries (WorldCat) Other Databases (Google Scholar) Online Stores (Bookfinder.com) Open Library (openlibrary.org)

Exporting to Dublin Core...

SOUTHVILLE LIBRARY

Southville International School and Colleges Library

1281 Tropical Ave. Cor. Luxembourg St., BF Homes International, Las Pinas City

Tel. No. 8256374 / 252358 Loc. 117/146

Powered by Koha